Superhero Alter Egos - Statistics

General Stats
  • This quiz has been taken 51 times
  • The average score is 19 of 30
Answer Stats
Answer % Correct
Bruce Wayne
98%
Clark Kent
95%
Bruce Banner
93%
Peter Parker
93%
Tony Stark
93%
Steve Rogers
86%
Barry Allen
81%
T’Challa
81%
Clint Barton
77%
Natasha Romanoff
74%
Stephen Strange
74%
Charles Xavier
72%
Wanda Maximoff
72%
Hal Jordan
70%
Oliver Queen
65%
Diana Prince
63%
Wade Wilson
63%
Damian Wayne
56%
Billy Batson
53%
Jason Todd
53%
Scott Summers
53%
Pietro Maximoff
51%
Thor Odinson
49%
Tim Drake
49%
Arthur Curry
47%
Richard Grayson
42%
James Howlett
40%
Victor Stone
35%
J’onn J’onzz
26%
Christopher Smith
21%
No matching quizzes found
Score Distribution
Percent of People with Each Score
Percentile by Number Answered
Your Score History
You have not taken this quiz